[Event "Reykjavik op"]
[Site "Reykjavik"]
[Date "2024.03.19"]
[Round "7"]
[White "Heidarsson, Arnar Milutin"]
[Black "Potter, Alexander"]
[Result "1-0"]
[WhiteElo "2037"]
[BlackElo "1782"]
[PlyCount "67"]
[EventDate "2024.03.15"]
[EventType "swiss"]
[EventRounds "9"]
[EventCountry "ISL"]
[SourceTitle "CB13_2024"]
[SourceDate "2024.03.27"]
[SourceVersion "1"]
[SourceVersionDate "2024.03.27"]
[SourceQuality "1"]

1. d4 d5 2. c4 c6 3. Nc3 Nf6 4. e3 e6 5. Nf3 Nbd7 6. Be2 Bd6 7. 0-0 0-0 8. Qc2 e5 9. dxe5 Nxe5 10. cxd5 cxd5 11. Rd1 Qc7 12. g3 Rd8 13. Qb3 Bd7 14. Bd2 a6 15. Rac1 Bc6 16. Nd4 Qd7 17. Nxc6 bxc6 18. Kg2 Rab8 19. Qc2 Qb7 20. f4 Nc4 21. Na4 Nxd2 22. Qxd2 Re8 23. Qd3 Qb4 24. b3 Qe4+ 25. Qxe4 Nxe4 26. Rxc6 Rbc8 27. Rdc1 Rxc6 28. Rxc6 a5 29. Bd3 Rd8 30. Kf3 f5 31. Ba6 Kf7 32. Nb6 Bc5 33. Nxd5 Bxe3 34. Kxe3 1-0

[Event "Reykjavik op"]
[Site "Reykjavik"]
[Date "2024.03.18"]
[Round "5"]
[White "Heidarsson, Arnar Milutin"]
[Black "Ozbas, Burak"]
[Result "1/2-1/2"]
[WhiteElo "2037"]
[BlackElo "1876"]
[PlyCount "69"]
[EventDate "2024.03.15"]
[EventType "swiss"]
[EventRounds "9"]
[EventCountry "ISL"]
[SourceTitle "CB13_2024"]
[SourceDate "2024.03.27"]
[SourceVersion "1"]
[SourceVersionDate "2024.03.27"]
[SourceQuality "1"]

1. d4 Nf6 2. c4 e6 3. Nc3 Bb4 4. e3 0-0 5. Bd3 d5 6. a3 Bxc3+ 7. bxc3 dxc4 8. Bxc4 c5 9. Ne2 Qc7 10. Ba2 b6 11. 0-0 Ba6 12. Re1 Rd8 13. Bb2 e5 14. Rc1 c4 15. f3 Nbd7 16. e4 Nc5 17. Rf1 Rac8 18. Qc2 Nd3 19. Rcd1 exd4 20. Nxd4 Nh5 21. Bc1 Nhf4 22. Be3 Qe7 23. a4 Qg5 24. Nf5 g6 25. h4 Qf6 26. Qd2 gxf5 27. Bxf4 Qxh4 28. Bg5 Qh5 29. Bxd8 Rxd8 30. exf5 Qxf5 31. Rde1 Qc5+ 32. Kh1 Qh5+ 33. Kg1 Qc5+ 34. Kh1 Qh5+ 35. Kg1 1/2-1/2

[Event "Reykjavik op"]
[Site "Reykjavik"]
[Date "2024.03.15"]
[Round "1"]
[White "Heidarsson, Arnar Milutin"]
[Black "Injac, Teodora"]
[Result "0-1"]
[WhiteElo "2037"]
[BlackElo "2434"]
[PlyCount "38"]
[EventDate "2024.03.15"]
[EventType "swiss"]
[EventRounds "9"]
[EventCountry "ISL"]
[SourceTitle "CB13_2024"]
[SourceDate "2024.03.27"]
[SourceVersion "1"]
[SourceVersionDate "2024.03.27"]
[SourceQuality "1"]

1. d4 Nf6 2. c4 e6 3. Nc3 Bb4 4. Bd2 0-0 5. Nf3 b6 6. g3 Ba6 7. Qb3 c5 8. a3 Ba5 9. dxc5 bxc5 10. Bg2 Nc6 11. Na4 Ne4 12. Qc2 Nxd2 13. Nxd2 d5 14. Nxc5 Nd4 15. Qc1 dxc4 16. Kf1 c3 17. Nxa6 cxd2 18. Qd1 Rc8 19. b4 Nb3 0-1

[Event "Reykjavik op"]
[Site "Reykjavik"]
[Date "2023.04.04"]
[Round "9"]
[White "Heidarsson, Arnar Milutin"]
[Black "Dorweiler, Roger Paul"]
[Result "1-0"]
[WhiteElo "2075"]
[BlackElo "1843"]
[PlyCount "77"]
[EventDate "2023.03.29"]
[EventType "swiss"]
[EventRounds "9"]
[EventCountry "ISL"]
[SourceTitle "EXT 2024"]
[Source "ChessBase"]
[SourceDate "2023.10.10"]
[SourceVersion "1"]
[SourceVersionDate "2023.10.10"]
[SourceQuality "1"]

1. e4 Nc6 2. Nf3 d5 3. exd5 Qxd5 4. Nc3 Qa5 5. Bb5 Bd7 6. 0-0 e6 7. d4 0-0-0 8. Be3 Bb4 9. Qd3 Nf6 10. Nd2 Bxc3 11. Nb3 Ne5 12. Nxa5 Nxd3 13. Bxd7+ Rxd7 14. bxc3 b6 15. Nc4 b5 16. cxd3 bxc4 17. dxc4 Ne4 18. Rfc1 Rhd8 19. c5 e5 20. c6 Rd6 21. dxe5 Rxc6 22. Bxa7 Nxc3 23. Kf1 Rd5 24. Rc2 Ra6 25. Be3 Rd3 26. Rac1 Nd5 27. Bc5 Re6 28. Bd6 Kd8 29. Bxc7+ Nxc7 30. Rxc7 Rd1+ 31. Rxd1+ Kxc7 32. f4 f6 33. exf6 Rxf6 34. g3 Ra6 35. Rd2 g6 36. Kg2 Ra5 37. Kf3 h5 38. Ke4 Kc6 39. Kd4 1-0

[Event "Reykjavik op"]
[Site "Reykjavik"]
[Date "2023.04.03"]
[Round "8"]
[White "Rosen, Eric S"]
[Black "Heidarsson, Arnar Milutin"]
[Result "1-0"]
[WhiteElo "2357"]
[BlackElo "2075"]
[PlyCount "35"]
[EventDate "2023.03.29"]
[EventType "swiss"]
[EventRounds "9"]
[EventCountry "ISL"]
[SourceTitle "EXT 2024"]
[Source "ChessBase"]
[SourceDate "2023.10.10"]
[SourceVersion "1"]
[SourceVersionDate "2023.10.10"]
[SourceQuality "1"]

1. c4 c6 2. e4 d5 3. exd5 cxd5 4. d4 dxc4 5. Bxc4 Nf6 6. Nf3 e6 7. Nc3 Be7 8. 0-0 0-0 9. Ne5 Nbd7 10. Bb3 Nb6 11. Re1 Nbd5 12. Qf3 h6 13. Qg3 Kh8 14. Bd2 Bd7 15. Rad1 Rc8 16. Qh3 Nh7 17. Nxd5 exd5 18. Qxd7 1-0

[Event "Reykjavik Skakping op"]
[Site "Reykjavik"]
[Date "2023.02.01"]
[Round "8"]
[White "Heidarsson, Arnar Milutin"]
[Black "Ingvason, Johann"]
[Result "0-1"]
[WhiteElo "2032"]
[BlackElo "2132"]
[PlyCount "86"]
[EventDate "2023.01.08"]
[EventType "swiss"]
[EventRounds "9"]
[EventCountry "ISL"]
[SourceTitle "EXT 2024"]
[Source "ChessBase"]
[SourceDate "2023.10.10"]
[SourceVersion "1"]
[SourceVersionDate "2023.10.10"]
[SourceQuality "1"]

1. b3 d5 2. Bb2 c5 3. e3 Nc6 4. Nf3 Nf6 5. d4 Bg4 6. Nbd2 cxd4 7. exd4 e6 8. Be2 Bd6 9. 0-0 0-0 10. Ne5 Bf5 11. Rc1 Rc8 12. c4 Ne4 13. f4 Nxd2 14. Qxd2 Bb4 15. Bc3 Bxc3 16. Rxc3 dxc4 17. Nxc6 Rxc6 18. bxc4 Rd6 19. Rd1 b6 20. Bf3 Qf6 21. d5 Rfd8 22. a4 h5 23. a5 exd5 24. cxd5 bxa5 25. Ra3 Bg4 26. Bxg4 Rxd5 27. Qxd5 Rxd5 28. Rxd5 hxg4 29. Rdxa5 Qd4+ 30. Kf1 Qxf4+ 31. Kg1 Qc1+ 32. Kf2 Qd2+ 33. Kf1 f5 34. g3 Kh7 35. Kg1 Kh6 36. Rxa7 g6 37. R7a6 Qc1+ 38. Kg2 Qb2+ 39. Kg1 Kg5 40. Ra8 Qb6+ 41. Kg2 Qb2+ 42. Kg1 Kh5 43. Rh8+ Qxh8 0-1

[Event "Reykjavik Autumn"]
[Site "Reykjavik"]
[Date "2022.09.16"]
[Round "5"]
[White "Heidarsson, Arnar Milutin"]
[Black "Olafsson, Thorvadur F"]
[Result "1/2-1/2"]
[WhiteElo "2020"]
[BlackElo "2146"]
[PlyCount "64"]
[EventDate "2022.09.07"]
[EventType "tourn"]
[EventRounds "9"]
[EventCountry "ISL"]
[SourceTitle "EXT 2023"]
[Source "ChessBase"]
[SourceDate "2022.10.05"]
[SourceVersion "1"]
[SourceVersionDate "2022.10.05"]
[SourceQuality "1"]

1. d4 Nf6 2. c4 c5 3. d5 b5 4. cxb5 a6 5. bxa6 g6 6. Nc3 Bxa6 7. e4 Bxf1 8. Kxf1 d6 9. Nf3 Nbd7 10. g3 Bg7 11. h3 0-0 12. Kg2 Ra6 13. Qc2 Qa8 14. Nd2 Rb8 15. b3 Ne8 16. Bb2 Nc7 17. a4 Qb7 18. h4 c4 19. Ra3 cxb3 20. Rxb3 Rb6 21. Rxb6 Qxb6 22. Nb5 Nxb5 23. Bxg7 Kxg7 24. axb5 Qxb5 25. Rb1 Qc5 26. Qxc5 dxc5 27. Rxb8 Nxb8 28. Nc4 Na6 29. f4 Nb4 30. Nb6 f5 31. e5 c4 32. Nxc4 Nxd5 1/2-1/2

[Event "Reykjavik Autumn"]
[Site "Reykjavik"]
[Date "2022.09.11"]
[Round "3"]
[White "Heidarsson, Arnar Milutin"]
[Black "Thorfinnsson, Bragi"]
[Result "0-1"]
[WhiteElo "2020"]
[BlackElo "2408"]
[PlyCount "84"]
[EventDate "2022.09.07"]
[EventType "tourn"]
[EventRounds "9"]
[EventCountry "ISL"]
[SourceTitle "EXT 2023"]
[Source "ChessBase"]
[SourceDate "2022.10.05"]
[SourceVersion "1"]
[SourceVersionDate "2022.10.05"]
[SourceQuality "1"]

1. d4 Nf6 2. c4 c5 3. d5 g6 4. Nc3 Bg7 5. e4 0-0 6. Bd3 d6 7. f4 e6 8. Nf3 exd5 9. cxd5 Bg4 10. 0-0 Nbd7 11. Be3 a6 12. a4 Ne8 13. Qc2 Bxf3 14. Rxf3 Nc7 15. a5 Rb8 16. Rc1 b5 17. b4 c4 18. Bf1 Re8 19. e5 dxe5 20. f5 e4 21. Nxe4 Nxd5 22. fxg6 hxg6 23. Bg5 Qc7 24. Qd2 Qe5 25. Rd1 Qxe4 26. Qxd5 Qxd5 27. Rxd5 Ne5 28. Rf2 Nc6 29. Rf4 Re5 30. Rxe5 Bxe5 31. Re4 f5 32. Bxc4+ bxc4 33. Rxc4 Nxb4 34. Be7 Nd3 35. g3 Kf7 36. Bg5 Rb5 37. Bd8 Rc5 38. Rh4 Rc1+ 39. Kg2 Rc2+ 40. Kf3 Ne1+ 41. Ke3 Ng2+ 42. Kd3 Rc3+ 0-1

[Event "Kragero op"]
[Site "Kragero"]
[Date "2022.02.24"]
[Round "3"]
[White "Sjoberg, Isak"]
[Black "Heidarsson, Arnar Milutin"]
[Result "1-0"]
[WhiteElo "2322"]
[BlackElo "2054"]
[PlyCount "27"]
[EventDate "2022.02.23"]
[EventType "swiss"]
[EventRounds "9"]
[EventCountry "NOR"]
[SourceTitle "CBM 207 Extra"]
[Source "ChessBase"]
[SourceDate "2022.05.31"]
[SourceVersion "1"]
[SourceVersionDate "2022.05.31"]
[SourceQuality "1"]

1. e4 c5 2. Nf3 d6 3. d4 cxd4 4. Nxd4 Nf6 5. Nc3 a6 6. Bg5 Nbd7 7. Bc4 e6 8. 0-0 b5 9. Bxe6 fxe6 10. Nxe6 Qb6 11. Nd5 Nxd5 12. Qxd5 Nb8 13. Nxf8 Rxf8 14. Qxa8 1-0

[Event "Kragero op"]
[Site "Kragero"]
[Date "2022.02.23"]
[Round "1"]
[White "Heidarsson, Arnar Milutin"]
[Black "Seo, Jung Min"]
[Result "0-1"]
[WhiteElo "2054"]
[BlackElo "2466"]
[PlyCount "96"]
[EventDate "2022.02.23"]
[EventType "swiss"]
[EventRounds "9"]
[EventCountry "NOR"]
[SourceTitle "CBM 207 Extra"]
[Source "ChessBase"]
[SourceDate "2022.05.31"]
[SourceVersion "1"]
[SourceVersionDate "2022.05.31"]
[SourceQuality "1"]

1. d4 Nf6 2. c4 e6 3. Nc3 Bb4 4. e3 0-0 5. Bd3 d5 6. cxd5 exd5 7. Nge2 Re8 8. 0-0 Bf8 9. Bd2 Nc6 10. Rc1 Ne7 11. Nf4 c6 12. b4 a6 13. Na4 Nf5 14. g4 Nd6 15. f3 Nc4 16. Bxc4 dxc4 17. Nc5 Nd5 18. e4 Nxf4 19. Bxf4 b6 20. Na4 a5 21. bxa5 Rxa5 22. Rf2 Be6 23. Be3 b5 24. Nc5 Bxc5 25. dxc5 b4 26. Rd2 Qa8 27. Rb2 Ra3 28. Bf4 Qa5 29. Rcb1 Qxc5+ 30. Kh1 Rd3 31. Qe2 b3 32. axb3 Rxb3 33. Rc1 Qb4 34. Rbc2 Rd8 35. Bd2 Qe7 36. Kg2 h6 37. Rc3 Qf6 38. h3 Qd4 39. R1c2 Qb6 40. Be3 Qb4 41. Bd2 Qb5 42. Be1 Rd3 43. Bd2 Qb7 44. Be1 Qd7 45. Rc1 Qd4 46. Qc2 Qe3 47. Rxd3 Rxd3 48. Bf2 Qxf3+ 0-1

[Event "EU-ch 21st"]
[Site "Reykjavik"]
[Date "2021.09.02"]
[Round "8"]
[White "Kjartansson, David"]
[Black "Heidarsson, Arnar Milutin"]
[Result "1-0"]
[WhiteElo "2326"]
[BlackElo "1916"]
[PlyCount "79"]
[EventDate "2021.08.26"]
[EventType "swiss"]
[EventRounds "11"]
[EventCountry "ISL"]
[SourceTitle "CBM 204"]
[Source "ChessBase"]
[SourceDate "2021.10.31"]
[SourceVersion "1"]
[SourceVersionDate "2021.10.31"]
[SourceQuality "1"]

1. d4 Nf6 2. c4 e6 3. Nf3 Bb4+ 4. Bd2 Bxd2+ 5. Qxd2 0-0 6. Nc3 d5 7. e3 b6 8. cxd5 exd5 9. Bd3 Bb7 10. 0-0 Qe7 11. Rac1 Nbd7 12. Rfd1 Ne4 13. Qe2 a6 14. a3 f5 15. g3 g5 16. Ne1 b5 17. Na2 c6 18. Nb4 Rac8 19. Bb1 Rf6 20. Nbd3 Rcf8 21. Ng2 Rh6 22. f3 Nd6 23. Nc5 Nxc5 24. Rxc5 Kh8 25. Bd3 Re6 26. Qf2 Ne4 27. Bxe4 fxe4 28. f4 gxf4 29. Nxf4 Bc8 30. Qc2 Rxf4 31. exf4 Qf6 32. Rxd5 cxd5 33. Qxc8+ Kg7 34. Qd7+ Re7 35. Qxd5 h6 36. Re1 e3 37. Kg2 Qb6 38. Kf3 Qa5 39. Re2 Qa4 40. b3 1-0

[Event "EU-ch 21st"]
[Site "Reykjavik"]
[Date "2021.08.31"]
[Round "6"]
[White "Kanyamarala, Trisha"]
[Black "Heidarsson, Arnar Milutin"]
[Result "1/2-1/2"]
[WhiteElo "2180"]
[BlackElo "1916"]
[PlyCount "74"]
[EventDate "2021.08.26"]
[EventType "swiss"]
[EventRounds "11"]
[EventCountry "ISL"]
[SourceTitle "CBM 204"]
[Source "ChessBase"]
[SourceDate "2021.10.31"]
[SourceVersion "1"]
[SourceVersionDate "2021.10.31"]
[SourceQuality "1"]

1. d4 Nf6 2. c4 e6 3. Nc3 Bb4 4. e3 0-0 5. Bd2 b6 6. Nf3 Bb7 7. Bd3 Bxc3 8. Bxc3 Ne4 9. Bxe4 Bxe4 10. d5 exd5 11. Qd4 f6 12. cxd5 Bxf3 13. gxf3 c5 14. Qg4 Qe7 15. Rg1 d6 16. 0-0-0 Nd7 17. Rg3 Rae8 18. Rdg1 Rf7 19. Qh5 b5 20. Rh3 g6 21. Rxg6+ Kh8 22. Rg4 b4 23. Re4 Ne5 24. Bxe5 fxe5 25. Rg3 Ref8 26. Qg4 Qb7 27. Qe6 Qa6 28. Rg1 Qxa2 29. Reg4 b3 30. Rg8+ Rxg8 31. Rxg8+ Kxg8 32. Qg4+ Rg7 33. Qc8+ Kf7 34. Qe6+ Kf8 35. Qc8+ Kf7 36. Qe6+ Kf8 37. Qc8+ Kf7 1/2-1/2

[Event "EU-ch 21st"]
[Site "Reykjavik"]
[Date "2021.08.29"]
[Round "4"]
[White "Heidarsson, Arnar Milutin"]
[Black "Koellner, Aaron Noah"]
[Result "1-0"]
[WhiteElo "1916"]
[BlackElo "2248"]
[PlyCount "89"]
[EventDate "2021.08.26"]
[EventType "swiss"]
[EventRounds "11"]
[EventCountry "ISL"]
[SourceTitle "CBM 204"]
[Source "ChessBase"]
[SourceDate "2021.10.31"]
[SourceVersion "1"]
[SourceVersionDate "2021.10.31"]
[SourceQuality "1"]

1. d4 d6 2. e4 Nf6 3. Nc3 e5 4. Nf3 Nbd7 5. Bc4 Be7 6. 0-0 c6 7. a4 a5 8. dxe5 dxe5 9. Qe2 h6 10. Rd1 Qc7 11. h3 Nf8 12. Be3 Ng6 13. Kh2 0-0 14. g3 Kh8 15. Ne1 Nf4 16. gxf4 exf4 17. e5 fxe3 18. Qxe3 Nd7 19. f4 f6 20. e6 Nc5 21. Kh1 f5 22. Nf3 Rf6 23. Nd4 b6 24. Rg1 Bd6 25. e7 Qxe7 26. Qf3 Bb7 27. Rae1 Qc7 28. Qh5 Raf8 29. Rg6 Ne4 30. Nxe4 fxe4 31. Ne6 Rxe6 32. Bxe6 Bxf4 33. Rxe4 Qd6 34. Bc8 Qd2 35. Rg2 Qc1+ 36. Rg1 Qd2 37. Re2 Qd4 38. Bxb7 Qd7 39. Ba6 b5 40. axb5 cxb5 41. Bxb5 Qb7+ 42. Rgg2 Bg5 43. Re8 Qxb5 44. Rxf8+ Kh7 45. Qe8 1-0

[Event "EU-ch 21st"]
[Site "Reykjavik"]
[Date "2021.08.27"]
[Round "2"]
[White "Heidarsson, Arnar Milutin"]
[Black "Kanyamarala, Tarun"]
[Result "0-1"]
[WhiteElo "1916"]
[BlackElo "2369"]
[PlyCount "74"]
[EventDate "2021.08.26"]
[EventType "swiss"]
[EventRounds "11"]
[EventCountry "ISL"]
[SourceTitle "CBM 204"]
[Source "ChessBase"]
[SourceDate "2021.10.31"]
[SourceVersion "1"]
[SourceVersionDate "2021.10.31"]
[SourceQuality "1"]

1. d4 Nf6 2. c4 e6 3. Nc3 d5 4. cxd5 exd5 5. Bg5 Bb4 6. e3 h6 7. Bxf6 Qxf6 8. a3 Bxc3+ 9. bxc3 0-0 10. Bd3 c5 11. Ne2 Nc6 12. 0-0 Rd8 13. Rb1 Qd6 14. a4 b6 15. Qd2 Bd7 16. dxc5 bxc5 17. Rfd1 Ne5 18. Bc2 Bc6 19. Nf4 Qf6 20. Bb3 Qg5 21. Qe2 d4 22. h4 Qxh4 23. cxd4 cxd4 24. exd4 Nf3+ 25. gxf3 Qxf4 26. Qe3 Qxf3 27. d5 Qg4+ 28. Kh2 Bxd5 29. Bxd5 Qh5+ 30. Kg1 Rxd5 31. Rxd5 Qxd5 32. Rb5 Qd1+ 33. Kh2 Qxa4 34. Re5 Rd8 35. Re7 Qh4+ 36. Kg2 Qg4+ 37. Kh2 Rd5 0-1

[Event "Reykjavik Haustmot-B"]
[Site "Reykjavik"]
[Date "2020.09.24"]
[Round "5"]
[White "Hardarson, Petur Palmi"]
[Black "Heidarsson, Arnar Milutin"]
[Result "1-0"]
[WhiteElo "2061"]
[BlackElo "1965"]
[PlyCount "49"]
[EventDate "2020.09.13"]
[EventType "tourn"]
[EventRounds "9"]
[EventCountry "ISL"]
[SourceTitle "CBM 198 Extra"]
[Source "ChessBase"]
[SourceDate "2020.11.30"]
[SourceVersion "1"]
[SourceVersionDate "2020.11.30"]
[SourceQuality "1"]

1. d4 Nf6 2. c4 g6 3. Nc3 d5 4. cxd5 Nxd5 5. e4 Nxc3 6. bxc3 Bg7 7. Nf3 c5 8. Bb5+ Bd7 9. Be2 0-0 10. 0-0 cxd4 11. cxd4 Nc6 12. Be3 Rc8 13. Rb1 Na5 14. d5 b6 15. Ba6 Rc3 16. Bd4 Bxd4 17. Qxd4 Qc7 18. Ne5 Bc8 19. Bb5 Rd8 20. Rfd1 Qc5 21. Qd2 a6 22. Bf1 b5 23. Rdc1 Rxc1 24. Rxc1 Qd6 25. Qxa5 1-0

[Event "Reykjavik Haustmot-B"]
[Site "Reykjavik"]
[Date "2020.09.19"]
[Round "3"]
[White "Briem, Benedikt"]
[Black "Heidarsson, Arnar Milutin"]
[Result "1/2-1/2"]
[WhiteElo "1951"]
[BlackElo "1965"]
[PlyCount "91"]
[EventDate "2020.09.13"]
[EventType "tourn"]
[EventRounds "9"]
[EventCountry "ISL"]
[SourceTitle "CBM 198 Extra"]
[Source "ChessBase"]
[SourceDate "2020.11.30"]
[SourceVersion "1"]
[SourceVersionDate "2020.11.30"]
[SourceQuality "1"]

1. d4 Nf6 2. Nf3 e6 3. e3 b6 4. Bd3 Bb7 5. Nbd2 d5 6. 0-0 Be7 7. b3 0-0 8. Bb2 Ne4 9. Qe2 a5 10. a3 Nd7 11. Ne5 c5 12. Bxe4 dxe4 13. Ndc4 Nxe5 14. dxe5 Qc7 15. Rfd1 Rad8 16. Rxd8 Rxd8 17. Rd1 Ba6 18. Rxd8+ Qxd8 19. Qd2 Bxc4 20. Qxd8+ Bxd8 21. bxc4 g5 22. f4 exf3 23. gxf3 Kg7 24. f4 gxf4 25. exf4 Kg6 26. Kg2 Kf5 27. Kf3 a4 28. Bc1 Bh4 29. Bd2 h6 30. Bc3 h5 31. h3 Be7 32. Bb2 Bf8 33. Bc3 Bh6 34. Bd2 Bg7 35. Bc3 Bf8 36. Bb2 Be7 37. Ba1 Bh4 38. Bc3 Kg6 39. Ke4 Bg3 40. Kf3 Bh2 41. Bd2 Kf5 42. Be3 h4 43. Bc1 Bg3 44. Bd2 Bh2 45. Bc1 Bg3 46. Bd2 1/2-1/2

[Event "Reykjavik ISL-ch op"]
[Site "Reykjavik"]
[Date "2020.08.27"]
[Round "6"]
[White "Heidarsson, Arnar Milutin"]
[Black "Heidarsson, Mikael Bjarki"]
[Result "1-0"]
[WhiteElo "1965"]
[BlackElo "1208"]
[PlyCount "65"]
[EventDate "2020.08.22"]
[EventType "swiss"]
[EventRounds "9"]
[EventCountry "ISL"]
[SourceTitle "CBM 198 Extra"]
[Source "ChessBase"]
[SourceDate "2020.11.30"]
[SourceVersion "1"]
[SourceVersionDate "2020.11.30"]
[SourceQuality "1"]

1. d4 Nf6 2. c4 e6 3. Nc3 Bb4 4. f3 d5 5. a3 Bxc3+ 6. bxc3 Nbd7 7. e3 b6 8. cxd5 exd5 9. Bd3 0-0 10. Ne2 Re8 11. 0-0 c5 12. Ng3 Nf8 13. a4 Ng6 14. Ra2 cxd4 15. cxd4 Bb7 16. Re2 Re7 17. Ba3 Rc7 18. Bb2 Qe7 19. Qb3 Rd8 20. Nf5 Qe8 21. Bb5 Bc6 22. e4 Bxb5 23. axb5 dxe4 24. fxe4 Ne7 25. Nxg7 Kxg7 26. Qg3+ Ng6 27. Qxc7 Rd7 28. Qc6 Nd5 29. Ree1 Nb4 30. Qf6+ Kg8 31. d5 Qf8 32. Rc1 Nd3 33. Rc8 1-0

[Event "Reykjavik Congress"]
[Site "Reykjavik"]
[Date "2020.01.29"]
[Round "8"]
[White "Heidarsson, Arnar Milutin"]
[Black "Briem, Benedikt"]
[Result "1/2-1/2"]
[WhiteElo "1880"]
[BlackElo "1841"]
[PlyCount "94"]
[EventDate "2020.01.05"]
[EventType "swiss"]
[EventRounds "9"]
[EventCountry "ISL"]
[SourceTitle "CBM 194 Extra"]
[Source "ChessBase"]
[SourceDate "2020.03.31"]
[SourceVersion "1"]
[SourceVersionDate "2020.03.31"]
[SourceQuality "1"]

1. d4 Nf6 2. c4 g6 3. Nc3 d5 4. cxd5 Nxd5 5. e4 Nxc3 6. bxc3 Bg7 7. Be3 0-0 8. Bc4 c5 9. Ne2 cxd4 10. cxd4 Qa5+ 11. Qd2 Nc6 12. Qxa5 Nxa5 13. Bd3 b6 14. 0-0 Bb7 15. Rac1 Rac8 16. f3 Rfd8 17. Rxc8 Rxc8 18. Rc1 Rxc1+ 19. Bxc1 Nc6 20. Bb2 Nb4 21. Bc4 Ba6 22. Bxa6 Nxa6 23. Bc3 e6 24. Kf2 Kf8 25. Ke3 Ke7 26. Kd3 Kd6 27. Kc4 Nc7 28. a4 a6 29. Bb4+ Kc6 30. g4 b5+ 31. axb5+ axb5+ 32. Kc3 Na6 33. Be7 f5 34. gxf5 gxf5 35. Ng3 fxe4 36. fxe4 b4+ 37. Bxb4 Nxb4 38. Kxb4 Bxd4 39. Kc4 Be5 40. Nf5 exf5 41. exf5 h5 42. h3 Bf6 43. Kd3 Kd5 44. Ke3 Ke5 45. Kf3 Bh4 46. Kg2 Bf6 47. Kh1 Kxf5 1/2-1/2

[Event "Reykjavik Congress"]
[Site "Reykjavik"]
[Date "2020.01.22"]
[Round "6"]
[White "Heidarsson, Arnar Milutin"]
[Black "Kjartansson, David"]
[Result "0-1"]
[WhiteElo "1880"]
[BlackElo "2356"]
[PlyCount "126"]
[EventDate "2020.01.05"]
[EventType "swiss"]
[EventRounds "9"]
[EventCountry "ISL"]
[SourceTitle "CBM 194 Extra"]
[Source "ChessBase"]
[SourceDate "2020.03.31"]
[SourceVersion "1"]
[SourceVersionDate "2020.03.31"]
[SourceQuality "1"]

1. Nf3 c5 2. c4 Nc6 3. Nc3 g6 4. g3 Bg7 5. Bg2 e6 6. e3 Nge7 7. 0-0 0-0 8. d4 b6 9. b3 Bb7 10. Bb2 cxd4 11. exd4 d5 12. cxd5 exd5 13. Ba3 Re8 14. Re1 Qd7 15. Nb5 Nf5 16. Rxe8+ Rxe8 17. Bh3 Ba6 18. Bxf5 gxf5 19. Nc3 f4 20. Kg2 Bc8 21. Ne2 fxg3 22. hxg3 Qh3+ 23. Kg1 Qg4 24. Nf4 Re4 25. Nxd5 Be6 26. Nc3 Nxd4 27. Nxd4 Rxd4 28. Qxg4 Bxg4 29. Re1 h5 30. Ne4 Rd5 31. Bb4 a5 32. Bc3 Bxc3 33. Nxc3 Rc5 34. Re3 Kg7 35. Kg2 Be6 36. Rd3 b5 37. f3 b4 38. Ne4 Rc1 39. Rd2 Bf5 40. Nd6 Bc2 41. Nc4 a4 42. bxa4 Bxa4 43. Ne5 Bb5 44. f4 f6 45. Nf3 Kg6 46. Nd4 Bc4 47. Rb2 Bd5+ 48. Kf2 Ra1 49. Rxb4 Rxa2+ 50. Kg1 Rg2+ 51. Kf1 Rxg3 52. Ne2 Ra3 53. Kf2 h4 54. f5+ Kg5 55. Rd4 Rf3+ 56. Ke1 Rxf5 57. Ng1 Bg2 58. Ne2 Rf1+ 59. Kd2 h3 60. Rd8 Ra1 61. Rg8+ Kf5 62. Ke3 Ra8 63. Rxa8 Bxa8 0-1

[Event "EU-ch U16"]
[Site "Bratislava"]
[Date "2019.08.10"]
[Round "9"]
[White "Heidarsson, Arnar Milutin"]
[Black "Sandor, Martin"]
[Result "1/2-1/2"]
[WhiteElo "1705"]
[BlackElo "2035"]
[PlyCount "124"]
[EventDate "2019.08.02"]
[EventType "swiss"]
[EventRounds "9"]
[EventCountry "SVK"]
[SourceTitle "CBM 191 Extra"]
[Source "ChessBase"]
[SourceDate "2019.09.30"]
[SourceVersion "1"]
[SourceVersionDate "2019.09.30"]
[SourceQuality "1"]

1. d4 d5 2. c4 e6 3. Nf3 Nf6 4. e3 Nbd7 5. a3 b6 6. Nbd2 Bb7 7. Bd3 Bd6 8. 0-0 0-0 9. b4 c5 10. bxc5 bxc5 11. Rb1 Qc7 12. h3 Rab8 13. Bb2 Rfc8 14. Qe2 Ba6 15. Rfc1 Qd8 16. cxd5 Bxd3 17. Qxd3 exd5 18. dxc5 Nxc5 19. Qe2 Ne6 20. Bxf6 Rxc1+ 21. Rxc1 Qxf6 22. Qd3 Qe7 23. a4 Qd7 24. g3 Qxa4 25. Qxd5 Rd8 26. Qf5 g6 27. Qf6 Qa3 28. Ra1 Qc5 29. Ne4 Be7 30. Nxc5 Bxf6 31. Nxe6 fxe6 32. Rxa7 Rf8 33. Kg2 Rf7 34. Rxf7 Kxf7 35. Nd2 h6 36. Kf3 Be7 37. Ne4 e5 38. Ke2 Ke6 39. Kd3 Bb4 40. g4 h5 41. Kc4 Be1 42. Kc5 hxg4 43. hxg4 Ba5 44. Kc6 Be1 45. f3 Bb4 46. Nc5+ Kf7 47. Kd5 Bd2 48. Ke4 Bc3 49. Na4 Bd2 50. Nb6 Ke6 51. Nd5 Bc1 52. g5 Bb2 53. Nf6 Ba3 54. Ng4 Bd6 55. Nf2 Be7 56. f4 exf4 57. exf4 Bd8 58. Nd3 Kf7 59. Kd5 Ba5 60. Kd6 Bd2 61. Ne5+ Kg7 62. Nd3 Kf7 1/2-1/2

[Event "EU-ch U16"]
[Site "Bratislava"]
[Date "2019.08.09"]
[Round "8"]
[White "Maravic, Ivan"]
[Black "Heidarsson, Arnar Milutin"]
[Result "1-0"]
[WhiteElo "1934"]
[BlackElo "1705"]
[PlyCount "181"]
[EventDate "2019.08.02"]
[EventType "swiss"]
[EventRounds "9"]
[EventCountry "SVK"]
[SourceTitle "CBM 191 Extra"]
[Source "ChessBase"]
[SourceDate "2019.09.30"]
[SourceVersion "1"]
[SourceVersionDate "2019.09.30"]
[SourceQuality "1"]

1. d4 Nf6 2. Bg5 d5 3. e3 Nbd7 4. Nf3 e6 5. c4 Be7 6. Nc3 dxc4 7. Bxc4 0-0 8. 0-0 b6 9. Rc1 Bb7 10. Qe2 a6 11. a4 h6 12. Bh4 Re8 13. Rfd1 Nd5 14. Bxe7 Qxe7 15. e4 Nxc3 16. Rxc3 c5 17. Qc2 cxd4 18. Nxd4 Nc5 19. Re3 Rac8 20. b3 Red8 21. f3 Qg5 22. Ree1 Kh8 23. Qa2 Nxa4 24. Qxa4 Qc5 25. Bxe6 b5 26. Qa1 fxe6 27. Kh1 Qb6 28. Qb2 a5 29. Rd2 e5 30. Nf5 Rxd2 31. Qxd2 Qd8 32. Nd6 Kg8 33. Rd1 Rc7 34. Qb2 Rc5 35. h3 Ba6 36. Rd2 Qc7 37. Nf5 Bc8 38. Ne3 Rc1+ 39. Kh2 Qc3 40. Qxc3 Rxc3 41. Nd5 Rxb3 42. Ne7+ Kf8 43. Nxc8 a4 44. Rd8+ Kf7 45. Rd7+ Ke8 46. Ra7 a3 47. Nd6+ Kf8 48. Nxb5 Rxb5 49. Rxa3 Kf7 50. Ra6 Rb7 51. g4 Rb2+ 52. Kg3 Rb1 53. Ra7+ Kf6 54. Ra6+ Kf7 55. h4 Rg1+ 56. Kf2 Rh1 57. h5 Rc1 58. Ra3 Kf6 59. Ke3 Kg5 60. Ra7 Kf6 61. Ra6+ Kf7 62. Rd6 Ra1 63. Rd3 Kf6 64. Rd6+ Kf7 65. Rc6 Ra3+ 66. Ke2 Ra2+ 67. Kd3 Rf2 68. Ke3 Ra2 69. Rc3 Kf6 70. f4 exf4+ 71. Kxf4 Rf2+ 72. Kg3 Ra2 73. Rc5 Ra1 74. Rf5+ Ke6 75. Rb5 Rg1+ 76. Kf4 Rf1+ 77. Ke3 Ra1 78. Rb6+ Kf7 79. Kf4 Ra5 80. Rb7+ Kf8 81. e5 Ra4+ 82. Kf5 Ra6 83. Rb8+ Ke7 84. Rb7+ Kf8 85. Rd7 Rb6 86. Rd6 Rb4 87. Ke6 Rb8 88. Rc6 Re8+ 89. Kf5 Ra8 90. Kg6 Re8 91. e6 1-0